000
00312nam a22001457a 4500
008
210311b ||||| |||| 00| 0 eng d
020
_a
9780205693238
041
_a
eng
080
_2
8th
_a
316
082
_2
8th
_a
316
100
_a
50
101
_a
SOC
245
_a
Deviant Behavior
_c
Thio,A
942
_2
udc
_c
BK
999
_c
56406
_d
56406